|
|
|
|
| LEADER |
01258ppm a22002898a 4500 |
| 001 |
00026841 |
| 005 |
20171026081025.0 |
| 008 |
110901s2009 ||||||viesd |
| 041 |
0 |
# |
|a vie
|
| 082 |
1 |
4 |
|a 635.9
|b KH108S
|
| 100 |
1 |
# |
|a Nguyễn, Thị Bảo Yến
|
| 245 |
1 |
0 |
|c Nguyễn Thị Bảo Yến; Nguyễn Thị Tình hướng dẫn
|a Khảo sát sâu, bệnh hại hoa, cây cảnh và biện pháp phòng trừ ở thị xã Sa Đéc, tỉnh Đồng Tháp
|b Khóa luận tốt nghiệp : Sư phạm KTNN - KTGĐ: Trình độ : Cao đẳng
|
| 260 |
# |
# |
|a Đồng Tháp
|b Trường Đại học Đồng Tháp
|c 2009
|
| 300 |
# |
# |
|a 54 tr.
|c 30 cm.
|b ảnh màu
|e 1 bản tóm tắt
|
| 500 |
# |
# |
|a ĐTTS ghi: Bộ Giáo dục và Đào tạo. Trường Đại học Đồng Tháp
|
| 650 |
|
|
|a Phòng trừ sâu bệnh
|z Đồng Tháp
|
| 653 |
# |
# |
|a Cây cảnh
|
| 653 |
# |
# |
|a Hoa
|
| 700 |
1 |
# |
|a Nguyễn, Thị Tình
|e hướng dẫn
|
| 852 |
# |
# |
|b Kho đọc
|j KD.0011553
|
| 852 |
# |
# |
|j KD.0011553
|
| 910 |
# |
# |
|a Ntuyet
|d 01/09/2011
|
| 980 |
# |
# |
|a Trung tâm Học liệu Lê Vũ Hùng, Trường Đại học Đồng Tháp
|